000 00499 a2200157 4500
999 _c2537
_d2537
020 _a978027377980X
050 _aHF 5548.2 LAU 2013
100 _aLaudon, Kenneth C
_eauthor
245 _aManagment Information Systems:
_bManaging the Digital Firm /
_cKenneth C. Laudon and Jane P. Laudon
264 _aBoston:
_bPearson,
_c2013
300 _a630p.:
_bill.
500 _aincludes index
650 _aInformation systems
700 _aLaudon, Jane P
_eauthor
942 _2lcc
_cBK
_e12th ed
_h5548.2
_iLAU
_kHF